Statistics for Top 10 Biggest cities in Finland

Click here to take the quiz!

General Stats

  • This quiz has been taken 73 times
  • The average score is 7 of 10

Answer Stats

PopulationCity% Correct
558,457Helsinki
100%
202,687Tampere
88%
175,945Turku
86%
256,760Espoo
78%
128,618Oulu
71%
190,058Vantaa
56%
98,826Lahti
54%
85,026Jyväskylä
46%
76,772Pori
42%
89,104Kuopio
39%

Score Distribution

Percentile by Number Answered

Percent of People with Each Score

Your Score History

You have not taken this quiz